| 000 | 01108nam a2200349 c 4500 | ||
|---|---|---|---|
| 001 | 19214 | ||
| 003 | ES-MaCES | ||
| 005 | 20150929135821.0 | ||
| 008 | 060814s2006 sp t o000 | spa d | ||
| 017 |
_aLE 387-2006 _bDL |
||
| 020 | _a849773243X | ||
| 035 | _aCES20060010821m | ||
| 040 |
_aES-MaCES _bspa _cES-MaCES |
||
| 100 | 1 |
_aÁlvarez Cuesta, Henar _96119 |
|
| 245 | 1 | 3 |
_aLa mayor representatividad sindical _cHenar Álvarez Cuesta |
| 260 |
_a[León] _bUniversidad de León, Secretariado de Publicaciones _c2006 |
||
| 300 |
_a261 p. _c24 cm |
||
| 500 | _aBasado en la tesis de la autora | ||
| 504 | _aBibliografía: p. 215-261 | ||
| 541 | _cCompra | ||
| 650 | 4 |
_asindicalismo _929453 |
|
| 650 | 4 |
_arepresentación de los trabajadores _928379 |
|
| 650 | 4 |
_anegociación colectiva _928362 |
|
| 650 | 4 |
_aEspaña _926964 |
|
| 653 | 1 | 0 | _aRelaciones laborales-Empleo |
| 650 | 4 |
_928377 _asindicato |
|
| 650 | 4 |
_930664 _aconcertación social |
|
| 710 | 2 |
_aUniversidad de León _eed. _95299 |
|
| 902 | _aLIB Libro | ||
| 942 |
_2CES _cBK _h2.0. |
||
| 999 |
_c19214 _d19214 |
||